Music Quiz

Random Music or Artist Quiz

Birds in the Trap Sing McKnight Quiz Stats

 Plays Quiz not verified by Sporcle

Challenge
Share
Tweet
Score 0/14 Timer 05:00
0 Plays Today
% Correct
goosebumps
92.3%
pick up the phone
82.7%
way back
81.9%
the ends
80.4%
beibs in the trap
79.7%
wonderful
79.4%
through the late night
79.3%
% Correct
coordinate
77.6%
outside
77%
sweet sweet
74.9%
sdp interlude
74.1%
guidance
71.9%
lose
71.5%
first take
67.2%

You're not logged in!

Compare scores with friends on all Sporcle quizzes.
OR
Log In

You Might Also Like...

Show Comments

Extras

Top Quizzes Today


Score Distribution

Your Account Isn't Verified!

In order to create a playlist on Sporcle, you need to verify the email address you used during registration. Go to your Sporcle Settings to finish the process.

Report this User

Report this user for behavior that violates our Community Guidelines.

Details: